| 000 | 00819nam a22002897a 4500 | ||
|---|---|---|---|
| 001 | 0036592 | ||
| 003 | KOHA_MİRAKIL | ||
| 005 | 20260207003011.0 | ||
| 007 | ta | ||
| 008 | 120430b2010 tu |||gr||||#||||0|tur | | ||
| 020 | _a9786054118533 | ||
| 040 |
_aTR-BiSEU _btur _cTR-BiSEU _erda |
||
| 041 | 0 | _atur | |
| 044 | _ctu | ||
| 050 |
_aQA76.95 _b.C45 2010 |
||
| 100 | 1 | _aÇelik, Basri. | |
| 245 | 1 |
_aMapleTM ve MapleTM İle Matematik/ _cBasri Çelik ; Basri Çelik. |
|
| 264 | 1 |
_aBursa : _bDora _c2010 |
|
| 300 |
_a614 s. ; _c21 cm |
||
| 336 |
_ametin _btxt _2rdacontent |
||
| 337 |
_aaracısız _bn _2rdamedia |
||
| 338 |
_acilt _bnc _2rdacarrier |
||
| 650 | 0 |
_aMaple (Computer file). _91942 |
|
| 650 | 0 |
_aMathematics--Data processing. _911558 |
|
| 650 | 0 |
_aMatematik--Veri işlem. _969263 |
|
| 942 |
_2lcc _cBK |
||
| 999 |
_c36484 _d36484 |
||